Keltský tiger stráca časť zahraničných investorov

Hospodársky rast Írska. Írsky zázrak narazil na mantinely ekonomickej globalizácie. V centre írskeho hospodárskeho zázraku, ktorý dal krajine prezývku "keltský tiger", boli zahraničné investície. Výhodné podmienky pre zahraničných investorov. Írsko zaplavilo množstvo amerických firiem. Najväčším riz...

Ausführliche Beschreibung

Gespeichert in:
Bibliographische Detailangaben
1. Verfasser: Schönwiesner, Roman
Format: Buchkapitel
Sprache:Slowakisch
Schlagworte:
Tags: Tag hinzufügen
Keine Tags, Fügen Sie das erste Tag hinzu!

MARC

LEADER 00000naa$a2200000$$$4500
001 0017429
005 20231009075346.5
041 0 |a slo 
044 |a SK 
245 1 0 |a Keltský tiger stráca časť zahraničných investorov  |c aut. Roman Schönwiesner 
520 |a Hospodársky rast Írska. Írsky zázrak narazil na mantinely ekonomickej globalizácie. V centre írskeho hospodárskeho zázraku, ktorý dal krajine prezývku "keltský tiger", boli zahraničné investície. Výhodné podmienky pre zahraničných investorov. Írsko zaplavilo množstvo amerických firiem. Najväčším rizikom pre rast írskej ekonomiky je silné euro. Časť firiem z Írska odchádza do nových členských krajín EÚ, prípadne do Ázie. 
610 2 0 |a rast hospodársky 
610 2 0 |a investície zahraničné 
610 2 0 |a investície zo zahraničia 
610 2 0 |a USA 
610 2 0 |a riziko 
610 2 0 |a euro 
610 2 0 |a konkurencia 
610 2 0 |a Írsko 
100 1 |a Schönwiesner, Roman